1001 1707 1977 1265 1757 1740 1150 1355 1395 1065 1329 1801 1451 1349 1220 1593 1599 1689 1012 1814 1100 1723 1300 1675 1659 1469 1797 1569 1367 1752 1064 1809 1644 1238 1452 1427 1606 1804 1227 1601 1218 1874 1339 1263 1361 1293 1360 1088 1600 1661 1378 1605 1237 1890 1887 1349 1561 1121 1665 1606 1400 1452 1000 1765 1867 1653 1513 1228 1667 1213 1610 1660 1785 1070 1165 1476 1576 1326 1468 1177 1516 1579 1089 1778 1927 1310 1554 1707 1750 1790 1454 1481 1193 1606 1899 1996 1615 1443 1382 BCNSPRNW ULIB Ver.6.0+V

เปลี่ยนเป็นภาษาไทย

Change to English
 แสดงรายละเอียดบรรณานุกรม
  กลับหน้าหลัก

Brief Record : Get Marc (ISO 2709) : E-mail record : QR code < ปิดหน้าต่าง
LEADER : 00000nam 2200000uu 4500
001    13399113543
003     ULIB
008    111125s2550||||th 000 0 tha d
020    ^a9789740582632
090    ^aนว.^bฌ111ร 2550
100 0  ^aฌามิวอาห์
245 00 ^aรักเดียวที่กลางใจ/^cฌามิวอาห์
250    ^aพิมพ์ครั้งที่ 2
260    ^aกรุงเทพฯ :^bแจ่มใส,^c2550
300    ^a327 หน้า
710 1  ^aแจ่มใส
945    ^p199^l0^i15301
995    ^aกัณชพร
999    ^aใช้งานได้ทุกระบบ
รายการนี้ยังไม่มีแท็ก
คุณยังไม่ได้ล็อกอิน คุณสามารถมีกิจกรรมร่วมกับเว็บไซต์ได้ แต่ต้องล็อกอินก่อน ::
  ล็อกอิน

รายการสื่อสารสนเทศ

ลำดับที่ ประเภท เลขเรียก/บาร์โค้ด สถานที่ สถานะ
1. นวนิยาย
นวนิยาย
นว. ฌ111ร 2550  
  Barcode: 15301
ห้องสมุดวิทยาเขตสวรรค์ประชารักษ์
►นวนิยาย
บนชั้น
  ขอยืม

รายการใกล้เคียง
    ผู้แต่ง [ฌามิวอาห์]

BibComment


ยังไม่เคยถูกคอมเมนท์

คอมเมนท์ทรัพยากรรายการนี้
  คอมเมนท์: รักเดียวที่กลางใ..


 Copyright 2026. Bcnsprnw @Library